Algebraic topology

Αποθηκεύτηκε σε:
Λεπτομέρειες βιβλιογραφικής εγγραφής
Κύριος συγγραφέας: Maunder, C. R. F.
Μορφή: Βιβλίο
Γλώσσα:English
Δημοσίευση: New York : Van Nostrand, c1970
Σειρά:University mathematics series
Θέματα:
Ετικέτες: Προσθήκη ετικέτας
Δεν υπάρχουν, Καταχωρήστε ετικέτα πρώτοι!

MARC

LEADER 00000nam a2200000 i 4500
001 1/32909
008 941103s1970 eng d
020 |a 0-442-05169-7 
035 |a 1990  |l 10039225 
040 |a GR-MY-UA  |b gre  |e aacr 
041 0 |a eng 
100 1 |a Maunder, C. R. F. 
245 1 0 |a Algebraic topology /  |c C.R.F. Maunder 
260 |a New York :   |b Van Nostrand,   |c c1970 
300 |a 375 p.;  |c 24 cm. 
490 1 |a University mathematics series 
500 |a Includes bibliographical references and index 
650 0 0 |a Algebraic topology. 
650 0 0 |a Homology theory. 
650 0 0 |a Homotopy theory. 
650 0 0 |a CW complexes. 
830 0 |a University mathematics series 
852 |a INST  |b SAMOS  |e 19941103  |h 514.2 MAU  |p 005300009655  |q 005300009655  |t BK  |y 0 
909 |a Σ  |b 018430